000
00303nam a22001337a 4500
008
170724b xxu||||| |||| 00| 0 eng d
020
_a
9780201066456
041
_a
eng
080
_a
004
100
_a
29
101
_a
SHK
245
_a
FUNDAMENTALS OF DATA NORMALIZATION
_c
DUTKA,A.F
942
_2
udc
_c
BK
999
_c
21826
_d
21826